| 000 | 00541nam a2200193Ia 4500 | ||
|---|---|---|---|
| 005 | 20250508165726.0 | ||
| 008 | 008 250505s9999 xx 000 0 eng d | ||
| 037 | _aTextual | ||
| 040 |
_aFEDL _beng _cFEDL |
||
| 041 |
_aeng _2eng |
||
| 084 |
_a530, SAR _qFEDL |
||
| 100 |
_aSaraf B. Co. _9781720 |
||
| 245 | 0 | _aPhysic through experiment 1 | |
| 260 |
_aJaipur, India _bDepartment of Physics, University of Rajasthan _c1975 |
||
| 300 | _a143p. | ||
| 546 | _aC.S.E.C | ||
| 942 |
_cTEXL _h530, SAR |
||
| 999 |
_c1397068 _d1397068 |
||